Brozález: visión retrospectiva 1956-2007.
Gespeichert in:
| 1. Verfasser: | |
|---|---|
| Format: | Buch |
| Veröffentlicht: |
Talca, Chile:
Universidad de Talca,
2008.
|
| Ausgabe: | Primera edición |
| Schlagworte: | |
| Tags: |
Tag hinzufügen
Keine Tags, Fügen Sie den ersten Tag hinzu!
|
MARC
| LEADER | 00000nam a22000007a 4500 | ||
|---|---|---|---|
| 003 | CL-VaPUC | ||
| 005 | 20220914074221.0 | ||
| 008 | 220803t2008 ||||| |||| 00| 0 eng d | ||
| 999 | |c 437926 |d 437924 | ||
| 020 | |a 978-956-7059-84-3 | ||
| 040 | |c Pontificia Universidad Católica de Valparaíso | ||
| 082 | 7 | |a 759.983 BRO 2008 |2 22 | |
| 100 | 1 | |a Brozález, Guillermo |e autor |9 874722 | |
| 245 | |a Brozález: visión retrospectiva 1956-2007. | ||
| 250 | |a Primera edición | ||
| 260 | |a Talca, Chile: |b Universidad de Talca, |c 2008. | ||
| 300 | |a 81 páginas; ilustraciones. | ||
| 500 | |a c.1 Donación Familia Prof. Alejandro Guzmán Brito. | ||
| 583 | |c 20220803 |k Catalogador Asistente | ||
| 600 | |a Brozález Ferrada, Oscar Guillermo, |d 1938- |9 874759 | ||
| 650 | 0 | |a Pintura chilena |9 266171 | |
| 651 | |y Siglo 20 |9 874760 | ||
| 942 | |2 ddc |c BK |n 0 | ||
| 952 | |0 0 |1 0 |2 ddc |4 0 |6 759_983000000000000_BRO_2008 |7 1 |8 C_AGB |9 585782 |a BIBDER |b BIBDER |d 2022-08-03 |e Donación |i 5653766 |o 759.983 BRO 2008 |p 5653766 |r 2023-01-25 |t 1 |w 2022-08-03 |y BK_US |k AGB | ||